|
|
|
|
| LEADER |
00984cam a2200241 7i4500 |
| 001 |
0000063790 |
| 005 |
20211118090000.0 |
| 020 |
|
|
|a 9781118576571 (electronic book)
|
| 090 |
0 |
0 |
|a GF75
|b .G68 2013
|
| 100 |
1 |
|
|a Goudie, Andrew S
|
| 245 |
1 |
4 |
|a The human impact on the natural environment :
|b past, present and future
|c Andrew S. Goudie.
|
| 250 |
|
|
|a Seventh edition.
|
| 264 |
|
|
|a Chichester, West Sussex:
|b John Wiley & Sons,
|c 2013.
|
| 300 |
|
|
|a 1 online resource (x, 410 pages):
|b illustrations, text file, PDF.
|
| 336 |
|
|
|a text
|2 rdacontent
|
| 337 |
|
|
|a computer
|2 rdamedia
|
| 338 |
|
|
|a online resource
|2 rdacarrier
|
| 650 |
|
0 |
|a Nature --
|x Effect of human beings on
|
| 655 |
|
0 |
|a Electronic books
|
| 856 |
4 |
2 |
|u http://library.unisel.edu.my/web/guest/mylibrary
|
| 997 |
|
|
|a Engineering & Life Sciences, Faculty
|b Science & Biotechnology, Department
|
| 998 |
|
|
|a Environmental Science (Biodiversity & Conservation), Degree
|
| 999 |
|
|
|a EBO0008288
|b EBOOK
|c EBOOK
|e Electronic resources
|